| 000 | 00666nam a22001937a 4500 | ||
|---|---|---|---|
| 003 | OSt | ||
| 005 | 20251112114425.0 | ||
| 008 | 251112b |||||||| |||| 00| 0 eng d | ||
| 020 | _a971-685-750-4 | ||
| 040 |
_aDWC-Main Lib. _cOC |
||
| 082 | _aFil. 499.211 C965f 2013 | ||
| 100 | _aCUETO-CANTRE, MERLINDA | ||
| 245 |
_aFilipino 3 : _bang mabisang pagpapahayag (retorika)/ _cMERLINDA CUETO-CANTRE |
||
| 260 |
_aManila, Phils. : _bLorimar, _cc2013. |
||
| 300 |
_aiv, 135 p. ; _c23 cm. -- (Language in use series |
||
| 504 | _aIncludes references. | ||
| 650 | _a1. Filipino language--Study and teaching. I. Cruz, Reynaldo J. | ||
| 942 |
_2ddc _cBK - FIL _hFil. _n0 |
||
| 999 |
_c5648 _d5648 |
||